| 000 | 00464 a2200133 4500 | ||
|---|---|---|---|
| 001 | 92195 | ||
| 082 | _aPR 2466 | ||
| 090 |
_c44154 _d44153 |
||
| 100 | _aAsim Shehzad; Dr. Ali Sarosh and Dr. Babar Saeed (Advisors) | ||
| 245 |
_aNumerical Simulation of Chemical Kinetics in Aerodynamic Phenomenon for Non-winged Re-entry Prob Type Vehicle on a Ballistic Trajectory _n77 "A" EC |
||
| 260 |
_aIslamabad _bNUST _c2014 |
||
| 300 | _a106p. | ||
| 500 | _aBE Project Report | ||
| 942 |
_aCAE NUST _kPR 2466 |
||
| 999 |
_c327268 _d327268 |
||